00520nam a2200169 i 450000100060000000300090000600500170001500700030003200800410003510000220007624500760009826000390017430000220021365100620023571000320029785200210032999228ES-MaACL20230906182449.0t|050906s1973 fr ||||1| spa d1 aMartín, Miguel.13aEl colonialismo español en Marruecos (1860-1956) / cMiguel Martín. aParis : bRuedo Ibérico, c1973. a263 p. ; c18 cm. 4aMarruecos-xHistoria-y1912-1956, Protectorado español.2 aÉditions Ruedo ibérico. aES-MaACLjL-3235